The misfortunes of Arthur : a critical, old-spelling edition /

Bibliographic Details
Main Author: Hughes, Thomas, active 1587
Other Authors: Corrigan, Brian Jay, 1957-
Format: Book
Language:English
Published: New York : Garland, 1992.
Series:Renaissance imagination (Unnumbered)
Subjects:

MARC

Tag First Indicator Second Indicator Subfields
LEADER 00000cam a2200000 a 4500
001 in00001097021
005 20150929202613.0
008 920811s1992 nyu b 000 0 eng
010 |a  92031784  
020 |a 0815310889 (alk. paper) 
035 |a (OCoLC)26545680 
035 |9 AFT2584AM 
040 |a DLC  |c DLC  |d TXA  |d UtOrBLW 
049 |a TXAM 
050 0 0 |a PR2585.H4  |b A7 1992 
082 0 0 |a 822/.3  |2 20 
100 1 |a Hughes, Thomas,  |d active 1587. 
245 1 4 |a The misfortunes of Arthur :  |b a critical, old-spelling edition /  |c edited by Brian Jay Corrigan. 
264 1 |a New York :  |b Garland,  |c 1992. 
300 |a 244 pages :  |b illustrations ;  |c 24 cm. 
336 |a text  |b txt  |2 rdacontent 
337 |a unmediated  |b n  |2 rdamedia 
338 |a volume  |b nc  |2 rdacarrier 
490 1 |a The Renaissance imagination 
504 |a Includes bibliographical references. 
650 0 |a Arthurian romances  |v Adaptations. 
600 0 0 |a Arthur,  |c King  |x Drama. 
700 1 |a Corrigan, Brian Jay,  |d 1957- 
830 0 |a Renaissance imagination (Unnumbered) 
999 |a MARS 
999 f f |s f5d9348e-d857-3794-bf09-2de878661cb5  |i bd9ecff2-e6e1-31b2-afba-94813fce4d29  |t 0 
952 f f |p normal  |a Texas A&M University  |b College Station  |c Sterling C. Evans Library  |d Evans: Library Stacks  |t 0  |e PR2585.H4 A7 1992  |h Library of Congress classification  |i unmediated -- volume  |m A14816640491 
998 f f |a PR2585.H4 A7 1992  |t 0  |l Evans: Library Stacks